Catalog

Record Details

Catalog Search



Die Wahrheit über Gott = = The living God Cover Image Book Book

Die Wahrheit über Gott = = The living God Richard W. De Haan

Record details

  • Physical Description: 208 S.
  • Edition: 1. Aufl.
  • Publisher: Frutigen Schweizerische Schallplattenmission 1977

Available copies

  • 1 of 1 copy available at Common Catalog SPOK.

Holds

  • 0 current holds with 1 total copy.
Show All Copies
Location Call Number / Copy Notes Barcode Shelving Location Status Due Date
ETS Library 231.044 424470008716 Volný výběr Available -

LDR 00684nam a2 00253
00142083
003CZ-PrJAB
00520040319000000.0
008010123s1977 xr e |||| |ger
009ge
035 . ‡a(CONS)10010
035 . ‡aKPS7974
040 . ‡aABG450
041 . ‡ager
08214. ‡a231.044
100 . ‡7523 ‡ade Haan, Richard W.
245 . ‡aDie Wahrheit über Gott = ‡b= The living God ‡cRichard W. De Haan
250 . ‡a1. Aufl.
260 . ‡aFrutigen ‡bSchweizerische Schallplattenmission ‡c1977
300 . ‡a208 S.
490 . ‡aTelos
653 . ‡aDie Wahrheit über Gott
8524 . ‡bETS ‡bETS ‡cVolný výběr ‡j231.044 ‡gA ‡p424470008716
910 . ‡aABG450
999 . ‡a10010 ‡bAUTOGEN ‡c10010 ‡tbiblio
905 . ‡uadmin
901 . ‡a42083 ‡b ‡c42083 ‡tbiblio ‡sets

Additional Resources